| 000 | 01906nam a2200469Ii 4500 | ||
|---|---|---|---|
| 001 | DIGTRO00103 | ||
| 003 | NyNyDIG | ||
| 008 | 220216s2016 sp a ob 001 0 spa d | ||
| 006 | m o d | ||
| 007 | cr ||||||||||| | ||
| 020 |
_a9788498799347 _qeBook _qpdf |
||
| 020 | _z9788481645125 | ||
| 035 | _a(OCoLC)1319853499 | ||
| 040 |
_aDGITA _beng _erda _epn _cDGITA |
||
| 041 | 1 |
_aspa _hger |
|
| 050 | 1 | 4 | _aQD26 ebook |
| 082 | 0 | 4 | _a150.1954 |
| 100 | 1 |
_aJung, C. G. _q(Carl Gustav), _d1875-1961, _eauthor. |
|
| 245 | 1 | 0 |
_aMysterium coniunctionis : _binvestigaciones sobre la separación y la unión de los opuestos anímicos en la alquimia / _cC.G. Jung, con la colaboración de Marie-Louise von Franz. |
| 250 | _aTercera edición. | ||
| 264 | 1 |
_aMadrid : _bEditorial Trotta, _c2016. |
|
| 300 |
_a1 online resource : _billustrations. |
||
| 336 |
_atext _btxt _2rdacontent |
||
| 337 |
_acomputer _bc _2rdamedia |
||
| 338 |
_aonline resource _bcr _2rdacarrier |
||
| 347 |
_atext file _2rdaft |
||
| 347 | _aPDF | ||
| 490 | 1 |
_aObra completa / C.G. Jung ; _vvolumen 14 |
|
| 504 | _aIncludes bibliographical references and index. | ||
| 588 | 0 | _aOnline resource; title from PDF title page (Digitalia, viewed February 16, 2022) | |
| 650 | 0 | _aAlchemy. | |
| 650 | 0 | _aPsychoanalysis. | |
| 655 | 0 | _aElectronic books. | |
| 700 | 1 |
_aFranz, Marie-Luise von, _d1915-1998, _eeditor. |
|
| 791 | 2 |
_aDigitalia (Firm), _edistributor. |
|
| 793 | 0 |
_gDigitalia eBook Collection: _aTrotta Editorial |
|
| 776 | 0 | 8 |
_iPrint version: _aJung, C. G. (Carl Gustav),1875-1961. _tMysterium coniunctionis. _bTercera edición. _dMadrid : Editorial Trotta, 2016 _z9788481645125 |
| 800 | 1 |
_aJung, C. G. _q(Carl Gustav), _d1875-1961. _tWorks. _lSpanish _s(Editorial Trotta) ; _vvolumen 14. |
|
| 856 | 4 | 0 |
_3Digitalia Hispánica _uhttps://www.digitaliapublishing.com/a/67414/ |
| 910 | _aPremium collection: 2022 | ||
| 942 | _cRAA | ||
| 999 |
_c261841 _d261841 |
||